Arthur John Arberry Oriental essays : portraits of seven scholars. London : George Allen and Unwin, 1960 : Buchbesprechung /

Elmentve itt :
Bibliográfiai részletek
Szerző: Spuler Bertold
További közreműködők: Arberry Arthur John
Dokumentumtípus: Cikk
Megjelent: Brill Leiden 1961
Sorozat:Die Welt des Islam, N. S
Kulcsszavak:Keletkutatás - könyvismertetés
Tárgyszavak:
Online Access:http://misc.bibl.u-szeged.hu/61312
LEADER 00844nab a2200229 i 4500
001 misc61312
005 20240918095834.0
008 230227s1961 hu o 000 eng d
040 |a SZTE Miscellanea Repozitórium  |b hun 
041 |a eng 
100 1 |a Spuler Bertold 
245 1 0 |a Arthur John Arberry  |h [elektronikus dokumentum] :  |b Oriental essays : portraits of seven scholars. London : George Allen and Unwin, 1960 : Buchbesprechung /  |c  Spuler Bertold 
260 |a Brill  |b Leiden  |c 1961 
300 |a [2] p.  |c 24 cm 
490 0 |a Die Welt des Islam, N. S 
561 |a Németh Gyula hagyaték 
591 |a NOV 5718 
650 4 |a Bölcsészettudományok 
650 4 |a Nyelvek és irodalom 
695 |a Keletkutatás - könyvismertetés 
700 0 1 |a Arberry Arthur John 
856 4 0 |u http://misc.bibl.u-szeged.hu/61312/1/5718_nov.pdf  |z Dokumentum-elérés